<?xml version="1.0" encoding="UTF-8"?>
<record
    xmlns:xsi="http://www.w3.org/2001/XMLSchema-instance"
    xsi:schemaLocation="http://www.loc.gov/MARC21/slim http://www.loc.gov/standards/marcxml/schema/MARC21slim.xsd"
    xmlns="http://www.loc.gov/MARC21/slim">

  <leader>01708nam a2200241 a 4500</leader>
  <controlfield tag="001"> </controlfield>
  <controlfield tag="003">OSt</controlfield>
  <controlfield tag="005">20230215083523.0</controlfield>
  <controlfield tag="008">180327s2012   dr            000 0 spa d</controlfield>
  <datafield tag="040" ind1=" " ind2=" ">
    <subfield code="a">DO-SdBNP</subfield>
    <subfield code="b">spa</subfield>
    <subfield code="c">BNPHU</subfield>
  </datafield>
  <datafield tag="082" ind1=" " ind2="4">
    <subfield code="a">343.034</subfield>
    <subfield code="b">R426L,  2012</subfield>
    <subfield code="2">22</subfield>
  </datafield>
  <datafield tag="110" ind1="2" ind2=" ">
    <subfield code="a">Rep&#xFA;blica Dominicana</subfield>
    <subfield code="9">11088</subfield>
    <subfield code="b">Ministerio de Hacienda. </subfield>
    <subfield code="b">Direcci&#xF3;n General de Presupuesto.</subfield>
  </datafield>
  <datafield tag="240" ind1=" " ind2=" ">
    <subfield code="a"> [Leyes, etc.]</subfield>
  </datafield>
  <datafield tag="245" ind1="1" ind2="0">
    <subfield code="a">Ley de presupuesto general del Estado, 2012 </subfield>
  </datafield>
  <datafield tag="260" ind1=" " ind2=" ">
    <subfield code="a">Santo Domingo :</subfield>
    <subfield code="b">Ministerio de Hacienda,</subfield>
    <subfield code="c">2012</subfield>
  </datafield>
  <datafield tag="300" ind1=" " ind2=" ">
    <subfield code="a">v. ;</subfield>
    <subfield code="c">28 cm.</subfield>
  </datafield>
  <datafield tag="500" ind1=" " ind2=" ">
    <subfield code="a">Publicaci&#xF3;n oficial  </subfield>
  </datafield>
  <datafield tag="505" ind1="2" ind2=" ">
    <subfield code="a">v.1. : Informe explicativo presupuesto 2012  --</subfield>
    <subfield code="t"> Primera parte : Ley de presupuesto general del Estado 2012 --</subfield>
    <subfield code="t">Gr&#xE1;ficos sobre los ingresos  --</subfield>
    <subfield code="t">Informaci&#xF3;n de los gastos  2012 --</subfield>
    <subfield code="t">Gr&#xE1;ficos sobre los gastos  --</subfield>
    <subfield code="t">Transferencias a instituciones por fuentes de financiamiento --</subfield>
    <subfield code="t">Financiamiento y ejecuci&#xF3;n de proyectos de inversi&#xF3;n --</subfield>
    <subfield code="t">Tercera parte : Ditribuci&#xF3;n instituci&#xF3;n de los gastos apropiados --</subfield>
    <subfield code="t">Poder Legislativo : </subfield>
    <subfield code="t">Poder Ejecutivo --</subfield>
    <subfield code="t">Poder Judicial --</subfield>
    <subfield code="t">Organismos especiales -- </subfield>
    <subfield code="t">Categor&#xED;a institucionales --</subfield>
    <subfield code="t"> v.2 : Primera parte : Informaciones sobre los ingresos a&#xF1;o 2012 --</subfield>
    <subfield code="t">Informaciones sobre los gastos a&#xF1;o 2012 --</subfield>
    <subfield code="t">Instituciones descentralizadas y aut&#xF3;nomas no financieras --</subfield>
    <subfield code="t">Segunda parte : Instituciones p&#xFA;blicas de la seguridad social --</subfield>
    <subfield code="t">Informaciones sobre los ingresos a&#xF1;o 2012 -- </subfield>
    <subfield code="t">Informaciones sobre los gasto a&#xF1;o 2012 -- </subfield>
    <subfield code="t">Instituciones p&#xFA;blicas de la seguridad social.</subfield>
  </datafield>
  <datafield tag="590" ind1=" " ind2=" ">
    <subfield code="a">Inventariado, 2021 /VM</subfield>
  </datafield>
  <datafield tag="650" ind1=" " ind2="4">
    <subfield code="a">Presupuesto</subfield>
    <subfield code="x">Legislaci&#xF3;n</subfield>
    <subfield code="z">Rep&#xFA;blica Dominicana</subfield>
    <subfield code="9">7940</subfield>
    <subfield code="2"> </subfield>
    <subfield code="y">2012</subfield>
  </datafield>
  <datafield tag="910" ind1=" " ind2=" ">
    <subfield code="a">VMateo/Validado. Control de calidad MFF</subfield>
  </datafield>
  <datafield tag="942" ind1=" " ind2=" ">
    <subfield code="2">ddc</subfield>
    <subfield code="c">LBS1</subfield>
  </datafield>
  <datafield tag="952" ind1=" " ind2=" ">
    <subfield code="0">0</subfield>
    <subfield code="1">0</subfield>
    <subfield code="2">ddc</subfield>
    <subfield code="5">3</subfield>
    <subfield code="7">2</subfield>
    <subfield code="8">PD</subfield>
    <subfield code="a">BNPHU</subfield>
    <subfield code="b">PD</subfield>
    <subfield code="c">HD</subfield>
    <subfield code="d">2021-01-11</subfield>
    <subfield code="e">DIGEPRES</subfield>
    <subfield code="l">0</subfield>
    <subfield code="o">BNPHU PD 352.48 R426l 2012</subfield>
    <subfield code="p">2021-0047</subfield>
    <subfield code="r">2021-01-11</subfield>
    <subfield code="t">v. 1</subfield>
    <subfield code="w">2021-01-11</subfield>
    <subfield code="y">LFPD</subfield>
  </datafield>
  <datafield tag="952" ind1=" " ind2=" ">
    <subfield code="0">0</subfield>
    <subfield code="1">0</subfield>
    <subfield code="2">ddc</subfield>
    <subfield code="5">1</subfield>
    <subfield code="7">2</subfield>
    <subfield code="8">PD</subfield>
    <subfield code="a">BNPHU</subfield>
    <subfield code="b">PD</subfield>
    <subfield code="c">HD</subfield>
    <subfield code="d">2021-01-11</subfield>
    <subfield code="e">DIGEPRES</subfield>
    <subfield code="l">0</subfield>
    <subfield code="o">BNPHU PD 352.48 R426l 2012</subfield>
    <subfield code="p">2021-0048</subfield>
    <subfield code="r">2021-01-11</subfield>
    <subfield code="t">v. 1, 2</subfield>
    <subfield code="w">2021-01-11</subfield>
    <subfield code="y">LFPD</subfield>
  </datafield>
  <datafield tag="952" ind1=" " ind2=" ">
    <subfield code="0">0</subfield>
    <subfield code="1">0</subfield>
    <subfield code="2">ddc</subfield>
    <subfield code="5">1</subfield>
    <subfield code="7">2</subfield>
    <subfield code="8">PD</subfield>
    <subfield code="a">BNPHU</subfield>
    <subfield code="b">PD</subfield>
    <subfield code="c">HD</subfield>
    <subfield code="d">2021-01-11</subfield>
    <subfield code="e">DIGEPRES</subfield>
    <subfield code="l">0</subfield>
    <subfield code="o">BNPHU PD 352.48 R426l 2012</subfield>
    <subfield code="p">2021-0049</subfield>
    <subfield code="r">2021-01-11</subfield>
    <subfield code="t">v. 2</subfield>
    <subfield code="w">2021-01-11</subfield>
    <subfield code="y">LFPD</subfield>
  </datafield>
  <datafield tag="952" ind1=" " ind2=" ">
    <subfield code="0">0</subfield>
    <subfield code="1">0</subfield>
    <subfield code="2">ddc</subfield>
    <subfield code="5">1</subfield>
    <subfield code="7">2</subfield>
    <subfield code="8">PD</subfield>
    <subfield code="a">BNPHU</subfield>
    <subfield code="b">PD</subfield>
    <subfield code="c">HD</subfield>
    <subfield code="d">2021-01-11</subfield>
    <subfield code="e">DIGEPRES</subfield>
    <subfield code="l">0</subfield>
    <subfield code="o">BNPHU PD 352.48 R426l 2012</subfield>
    <subfield code="p">2021-0050</subfield>
    <subfield code="r">2021-01-11</subfield>
    <subfield code="t">v. 2, e. 2</subfield>
    <subfield code="w">2021-01-11</subfield>
    <subfield code="y">LFPD</subfield>
  </datafield>
  <datafield tag="999" ind1=" " ind2=" ">
    <subfield code="c">49306</subfield>
    <subfield code="d">49306</subfield>
  </datafield>
</record>
